Fundamentos de psicología matemática
Na minha lista:
| Autor principal: | |
|---|---|
| Formato: | Livro |
| Idioma: | espanhol |
| Publicado em: |
Madrid
Pirámide
1989
|
| Colecção: | Colección Psicología
|
| Assuntos: | |
| Tags: |
Adicionar Tag
Sem tags, seja o primeiro a adicionar uma tag!
|
MARC
| LEADER | 00000nam a2200000 a 4500 | ||
|---|---|---|---|
| 001 | UCW4322 | ||
| 003 | CL-VaPUC | ||
| 008 | 900103e19890000SP |||||||||||||||||spa|d | ||
| 082 | 0 | 4 | |a 150.198 |b JAÑ |2 21 |
| 100 | 0 | |a Jáñez Escalada, Luis |e author |9 309014 | |
| 245 | 1 | 0 | |a Fundamentos de psicología matemática |
| 300 | |a 428 p | ||
| 942 | |c BK | ||
| 945 | |d 19900103 00:00:00 | ||
| 260 | |a Madrid |b Pirámide |c 1989 | ||
| 650 | 7 | |a PSICOLOGIA EXPERIMENTAL |2 CL-VaPUC |9 309015 | |
| 650 | 7 | |a PSICOLOGIA MATEMATICA |2 CL-VaPUC |9 309016 | |
| 583 | |a last modification |c 19900103 00:00:00 |k Rodrigo Vera | ||
| 490 | 0 | |a Colección Psicología | |
| 999 | |c 218090 |d 218088 | ||
| 952 | |0 0 |1 0 |4 0 |6 150_198000000000000_JAÑ_1989 |7 0 |8 A |9 207019 |a BIBEDU |b BIBEDU |d 2019-11-15 |i 2747995 |o 150.198 JAÑ 1989 |p 2747995 |r 2019-11-15 |w 2019-11-15 |y BK |k EDU | ||
| 952 | |0 0 |1 0 |4 0 |6 150_198000000000000_JAÑ_1989 |7 0 |8 A |9 207020 |a BIBEDU |b BIBEDU |d 2019-11-15 |i 3494276 |o 150.198 JAÑ 1989 |p 3494276 |r 2019-11-15 |w 2019-11-15 |y BK |k BME | ||